000 00873cam a2200205 4500
001 WB3904-24
008 030130n2003 000 0 eng u
035 _a(Sirsi) u121186
245 _a£4bn Corby regeneration plans
260 _c2003
490 _aCatalyst Corby Press Release
_v28 January 2003, (2)
520 _aA £4bn development framework for Corby has been launched by Catalyst Corby, the first urban regeneration company tasked with a borough-wide remit. The plans include a town centre transformation, the creation of offices, shops, a rail link to London, 28 000 homes and doubling the population to 100 000. http://www.urcs-online.co.uk/newsandpress/pressrelease.asp?id=94
590 _aWB
650 _aURBAN REGENERATION COMPANIES
650 _aCORBY
650 _aDEVELOPMENT
650 _aEAST MIDLANDS
690 _aREGENERATION
942 _n0
999 _c72012
_d72012